000 01068nam a22002297a 4500
003 OSt
005 20150408113914.0
008 110827t xxu||||| |||| 00| 0 eng d
040 _cدار أجنادين.
082 _221
_a006.37
_bA V C
111 _aAdvanced concepts for intelligent vision systems (International conference)
_c |c Sydney, Australia
_d(2010 : |c Sydney, Australia)
_e2010 Dec :)
_93410
245 _aAdvanced concepts for intelligent vision systems :
_b12th international conference, ACIVS 2010 Sydney, Australia, December, 2010, proceedings /
_cJacques Blanc-Talon ... [et al.], eds.
260 _aBerlin :
_bSpringer,
_c2010.
300 _a2 v. :
_bill. ;
_c24 cm.
490 _aLecture notes in computer science, 0302-9743
_v0302-9743
_x6474-6475
504 _aIncludes bibliographical references and index.
650 _aComputer vision
_xCongresses.
_93411
650 _aImage processing
_xCongresses.
_93412
650 _aOptical pattern recognition
_xCongresses.
_93413
700 _aBlanc-Talon, Jacques, -
_d 1962
_93414
942 _2ddc
_cDVD
999 _c13865
_d248365